LEADER 00965cam0-2200349---450 001 990004121420403321 005 20240522120330.0 035 $a412142 100 $a19990604d1972----km-y0itay50------ba 101 1 $aita 102 $aIT 105 $ay-------001yy 200 1 $aMax Weber e la sociologia oggi$fAdorno ... [et al.]$gredattore Otto Stammer 210 $aMilano$cJaca Book$d1972 215 $a284 p.$d20 cm 225 1 $aRichieste$v6 610 0 $aWeber, Max 676 $a301 676 $a301.092 702 1$aAdorno,$bTheodor Wiesengrund$f<1903-1969> 702 1$aStammer,$bOtto 801 0$aIT$bUNINA$gRICA$2UNIMARC 901 $aBK 912 $a990004121420403321 952 $aCollez. 342 (6)$b3736$fFSPBC 952 $a301.094 WEBE/S 38$bIST.FIL.T. 3142$fFLFBC 952 $aVIT / ADO 1$b3510$fBFS 959 $aFLFBC 959 $aFSPBC 959 $aBFS 996 $aMax Weber und die Soziologie heute$91684474 997 $aUNINA LEADER 02112oas 2200817 a 450 001 9910139908603321 005 20260218112421.0 035 $a(OCoLC)477203533 035 $a(CONSER) 2009243802 035 $a(CKB)1000000000800847 035 $a(DE-599)ZDB2590698-7 035 $a(DE-599)2590698-7 035 $a(EXLCZ)991000000000800847 100 $a20091116a20099999 uy 101 0 $aeng 135 $aur||||||||||| 181 $ctxt$2rdacontent 182 $cc$2rdamedia 183 $acr$2rdacarrier 200 10$aEpidemiology and Health 210 $aSeoul $cKorean Society of Epidemiology$dİ2009- 215 $a1 online resource 300 $aRefereed/Peer-reviewed 311 08$a2092-7193 517 1 $aEpiH 531 0 $aEpidemiol. health 606 $aEpidemiology$vPeriodicals 606 $aEpidemiology$xResearch$zKorea (South)$vPeriodicals 606 $aEpidemiology 606 $aEpidemiology$2fast$3(OCoLC)fst00914091 606 $aEpidemiology$xResearch$2fast$3(OCoLC)fst00914102 607 $aKorea 607 $aKorea (South) 607 $aKorea (South)$2fast$1https://id.oclc.org/worldcat/entity/E39QbtfRg3kwbTgW8wMXD4yWrY 608 $aPeriodical. 608 $aFulltext. 608 $aInternet Resources. 608 $aPeriodicals. 608 $aPeriodicals.$2fast 615 0$aEpidemiology 615 0$aEpidemiology$xResearch 615 12$aEpidemiology. 615 7$aEpidemiology. 615 7$aEpidemiology$xResearch. 712 02$aHan'guk Yo?k Hakhoe. 801 0$bNLM 801 1$bNLM 801 2$bHEBIS 801 2$bTXA 801 2$bOCLCA 801 2$bOCLCQ 801 2$bOCLCF 801 2$bOCLCA 801 2$bOCLCQ 801 2$bOCLCO 801 2$bOCLCQ 801 2$bCASUM 801 2$bOCLCA 801 2$bOCLCO 801 2$bOCLCA 801 2$bCUS 801 2$bVT2 801 2$bBWN 801 2$bOCLCQ 801 2$bAUD 801 2$bOCLCL 801 2$bOCLCQ 906 $aJOURNAL 912 $a9910139908603321 996 $aEpidemiology and health$92039894 997 $aUNINA